Rodzice, wyjdźcie z szafy! /

Saved in:
Bibliographic Details
Main Author: Beczek, Wiktoria (1991- )
Format: Book
Language:Polish
Published: Warszawa : Stowarzyszenie Rodzin i Przyjaciół Osób Homoseksualnych, Biseksualnych i Transpłciowych Akceptacja, 2015.
Subjects:
Tags: Add Tag
No Tags, Be the first to tag this record!

MARC

LEADER 00000nam a2200000 i 4500
001 991050294229705066
005 20260515100513.0
008 160811s2015 pl a |000 0 pol
009 b0000005284998
015 |a UWD 2016/25557 
020 |a 9788394293109 
035 |a 991050294229705066 
035 |a (PL-WaBN)b52849983-48omnis_nlop 
035 |a b52849983 
035 |a (OCoLC)956587994 
035 |a xx003887821 
035 |a (PL)b0000005284998 
035 |a (EXLNZ-48OMNIS_NETWORK)9910229598505606 
040 |a WA N  |c WA N 
080 |a (047) 
080 |a 159.9-055.52 
080 |a 316.811/.815(438) 
080 |a 316.837 
084 |a 10 
100 1 |a Beczek, Wiktoria  |d (1991- ) 
245 1 0 |a Rodzice, wyjdźcie z szafy! /  |c rozmowy Wiktorii Beczek z rodzicami osób LGB. 
260 |a Warszawa :  |b Stowarzyszenie Rodzin i Przyjaciół Osób Homoseksualnych, Biseksualnych i Transpłciowych Akceptacja,  |c 2015. 
300 |a 93, [3] s. :  |b il. kolor. ;  |c 24 cm. 
336 |a Tekst  |b txt  |2 rdacontent 
337 |a Bez urządzenia pośredniczącego  |b n  |2 rdamedia 
338 |a Wolumin  |b nc  |2 rdacarrier 
380 |a Książki 
648 7 |a 2001-  |2 DBN 
650 7 |a Homoseksualizm  |2 DBN 
650 7 |a Rodzice  |2 DBN 
650 7 |a Rodzina  |2 DBN 
651 7 |a Polska  |2 DBN 
655 7 |a Wywiad dziennikarski  |2 DBN 
658 |a Socjologia i społeczeństwo 
658 |a Psychologia 
658 |a Etnologia i antropologia kulturowa 
710 2 |a Stowarzyszenie Rodzin i Przyjaciół Osób Homoseksualnych, Biseksualnych i Transpłciowych Akceptacja  |4 pbl 
942 |2 ddc  |c BK  |n 0 
952 |0 0  |1 0  |2 ddc  |4 0  |6 W__6_000000000000000  |7 0  |9 18  |a WRO  |b WRO  |d 2026-04-10  |e da  |g 10.00  |i WRO-006  |l 0  |o W.6  |p 2000100000069  |r 2026-04-10 23:39:46  |v 10.00  |w 2026-04-10  |y BK 
999 |c 18  |d 18